Libertad de enseñanza

Gespeichert in:
Bibliographische Detailangaben
1. Verfasser: Simon, Pierre-Henri (VerfasserIn)
Format: Buch
Sprache:Spanisch
Veröffentlicht: Buenos Aires Del Atlántico 1957
Schriftenreihe:Colección Cívica, 9
Schlagworte:
Tags: Tag hinzufügen
Keine Tags, Fügen Sie den ersten Tag hinzu!

MARC

LEADER 00000nam a2200000 a 4500
001 UCK0791
003 CL-VaPUC
008 041022e19570000AG |||||||||||||||||spa|d
082 0 4 |a 370.1  |b SIM  |2 21 
100 0 |a Simon, Pierre-Henri  |e author  |9 488684 
245 1 0 |a Libertad de enseñanza 
300 |a 60 p 
942 |c BK 
945 |d 20041022 00:00:00  |a cmena 
260 |a Buenos Aires  |b Del Atlántico  |c 1957 
650 0 |a Filosofía de la educación   |9 258384 
650 0 |a Libertad  |9 255686 
650 7 |a FILOSOFIA POLITICA  |2 CL-VaPUC  |9 488685 
650 0 |a Educación religiosa   |9 308312 
583 |a last modification  |c 20041022 00:00:00  |k Rodrigo Vera 
490 0 |a Colección Cívica, 9 
999 |c 311055  |d 311053 
952 |0 0  |1 0  |4 0  |6 370_100000000000000_SIM_1957  |7 0  |8 P  |9 380258  |a BIBEDU  |b BIBEDU  |c BIBEDU_PB  |d 2019-11-21  |i 4060180  |o 370.1 SIM 1957  |p 4060180  |r 2024-01-25  |w 2019-11-21  |y BK  |k BME